000 00734nam a22002177a 4500
005 20150701122149.0
008 140714b xxu||||| |||| 00| 0 Urdu d
010 _aUR-9140
020 _c200.00
_a9789350730003
035 _aU-7695
037 _bDBAD
040 _aDPL
_bUrdu
082 _a841
100 _aکند ن سنگھ کند ن ا را و لی
245 _aآ و ا ز کا پير ا ہن
_cکند ن سنگھ کند ن ا را و لی
246 h _aAwaz ka Perahan
_bBy Kundan Arawali
260 _bEducational Publishing House
_c2012
_aDelhi
270 _a3108,Vakil street, Kucha Pandit, Lal Kuan,
_bDelhi
_k23216162
_e110006
300 _a200ص
_c22Cm (Hb)
942 _2ddc
_cUR
_e
_h841
_mا ر ا
999 _c94586
_d94586